[Event "TCh-RUS Women 2018"]
[Site "Sochi RUS"]
[Date "2018.05.09"]
[Round "8.1"]
[Board "2"]
[White "Kovalevskaya, Ekaterina"]
[Black "Trapeznikova, Darya"]
[Result "1-0"]
[WhiteTitle "IM"]
[BlackTitle "WFM"]
[WhiteElo "2397"]
[BlackElo "2087"]
[WhiteTeam "Legacy Square Capital Moscow"]
[BlackTeam "Bukavushki Togliatti"]
[WhiteFideId "4116704"]
[BlackFideId "24121118"]
[EventDate "2018.05.01"]

1. e4 e5 2. Nf3 Nc6 3. Bc4 Bc5 4. c3 Nf6 5. d3 O-O 6. O-O d5 7. exd5 Nxd5 8.
Nbd2 a6 9. Ne4 Be7 10. Re1 Nb6 11. Bb3 Bg4 12. Ng3 Qd7 13. h3 Bxf3 14. Qxf3 Rad8
15. Nf5 Bf6 16. Be3 Nd5 17. Rad1 Kh8 18. Bc1 g6 19. Ne3 Nf4 20. Ng4 Bg7 21. Bxf4
exf4 22. Qxf4 f5 23. Ne3 Na5 24. Bc2 c5 25. Nc4 Nc6 26. Nb6 Qd6 27. Qxd6 Rxd6
28. Nc4 Rd7 29. Nb6 Rd6 30. Na4 c4 31. dxc4 Rxd1 32. Rxd1 Ne5 33. c5 h6 34. Nb6
Re8 35. Ba4 Re7 36. Kf1 Kh7 37. f4 Nf7 38. Bb3 g5 39. Bxf7 Rxf7 40. fxg5 hxg5
41. Rd7 Kg6 42. Rxf7 Kxf7 43. Ke2 Ke6 44. Kd3 Be5 45. Nc4 Bc7 46. b4 Bd8 47. a4
Bc7 48. Kd4 Bd8 49. a5 Bc7 50. Nd6 1-0

[Event "TCh-RUS Women 2018"]
[Site "Sochi RUS"]
[Date "2018.05.09"]
[Round "8.1"]
[Board "3"]
[White "Chan, Naruna"]
[Black "Shuvalova, Polina"]
[Result "0-1"]
[BlackTitle "WIM"]
[WhiteElo "1927"]
[BlackElo "2416"]
[WhiteTeam "Bukavushki Togliatti"]
[BlackTeam "Legacy Square Capital Moscow"]
[WhiteFideId "24124290"]
[BlackFideId "24171760"]
[EventDate "2018.05.01"]

1. e4 c5 2. Nf3 d6 3. Bb5+ Nd7 4. O-O a6 5. Bd3 g6 6. c3 Bg7 7. Bc2 Ne5 8. Nxe5
dxe5 9. a4 Nf6 10. d3 O-O 11. Nd2 Qc7 12. a5 Be6 13. Qe2 Bh6 14. Nf3 Bxc1 15.
Rfxc1 Rad8 16. Rd1 Rc8 17. Qe3 Kg7 18. h3 h6 19. Ba4 Rfd8 20. Bc2 Nd7 21. Rd2
Nf6 22. Bd1 Bd7 23. Bb3 Be8 24. Rdd1 e6 25. Nd2 Bb5 26. Nc4 Bxc4 27. Bxc4 Ne8
28. Rf1 Rd7 29. f4 exf4 30. Rxf4 Qe5 31. Raf1 Nd6 32. Bb3 c4 33. Ba4 Re7 34. d4
Qxa5 35. Bd1 e5 36. Rf6 Ne8 37. R6f2 Qb6 38. Qf3 exd4 39. cxd4 Qxd4 40. Kh1 Rcc7
41. Re1 b5 42. e5 Re6 43. Re4 Qd5 44. Bc2 Rxe5 45. Rxe5 Qxe5 46. Re2 Qxb2 47.
Bd1 Qa1 48. Rxe8 c3 49. Kh2 c2 50. Bxc2 Rxc2 51. Qa8 Qd4 52. Rg8+ Kh7 53. Qb8
Rf2 0-1

[Event "TCh-RUS Women 2018"]
[Site "Sochi RUS"]
[Date "2018.05.09"]
[Round "8.1"]
[Board "4"]
[White "Voit, Daria"]
[Black "Azimova, Karina"]
[Result "1-0"]
[WhiteTitle "FM"]
[BlackTitle "WFM"]
[WhiteElo "2382"]
[BlackElo "2059"]
[WhiteTeam "Legacy Square Capital Moscow"]
[BlackTeam "Bukavushki Togliatti"]
[WhiteFideId "4182146"]
[BlackFideId "4108310"]
[EventDate "2018.05.01"]

1. d4 Nf6 2. c4 Nc6 3. Nf3 d6 4. Nc3 e5 5. e3 exd4 6. exd4 Bg4 7. Be3 Be7 8. h3
Bh5 9. g4 Bg6 10. d5 Nb8 11. Bd3 a5 12. Nd4 Nfd7 13. f4 Bh4+ 14. Ke2 Bxd3+ 15.
Kxd3 Nc5+ 16. Kc2 h6 17. Nf5 g6 18. Bd4 Bf6 19. Re1+ Kd7 20. g5 Bxd4 21. Nxh6
Qf8 22. Qxd4 Nba6 23. a3 a4 24. Rad1 Re8 25. Qg1 Kc8 26. Rxe8+ Qxe8 27. Re1 Qf8
28. Ng4 Kb8 29. Nf6 Qc8 30. Qg4 Qxg4 31. hxg4 Rh2+ 32. Re2 Rh1 33. Nb5 b6 34.
Nd4 Kb7 35. Kd2 Rh3 36. Re3 Rh2+ 37. Kc3 Rh1 38. Kc2 Rh2+ 39. Re2 Rh3 40. Nb5
Rf3 41. Re7 Rxf4 42. Nxd6+ Kb8 43. Re8+ Ka7 44. Nde4 Nxe4 45. Rxe4 Rf2+ 46. Kc3
Nc5 47. Re3 Rf1 48. Ne4 Rc1+ 49. Kb4 Na6+ 50. Kxa4 Rxc4+ 51. Kb5 Rd4 52. Nf6 Nc5
53. Kc6 Na6 54. b4 Rd1 55. Kd7 c5 56. b5 Nb8+ 57. Kc8 c4 58. Re7+ Ka8 59. Rb7 1-0

[Event "TCh-RUS Women 2018"]
[Site "Sochi RUS"]
[Date "2018.05.09"]
[Round "8.2"]
[Board "1"]
[White "Nikitina, Elena"]
[Black "Pogonina, Natalija"]
[Result "0-1"]
[WhiteTitle "WFM"]
[BlackTitle "WGM"]
[WhiteElo "2047"]
[BlackElo "2457"]
[WhiteTeam "Tolpar"]
[BlackTeam "Ugra"]
[WhiteFideId "24110949"]
[BlackFideId "4147855"]
[EventDate "2018.05.01"]

1. d4 d5 2. Nf3 Nf6 3. g3 Bf5 4. Bg2 h6 5. O-O e6 6. c4 c6 7. Nc3 Be7 8. b3 O-O
9. Bb2 Nbd7 10. e3 Ne4 11. Nd2 Nxc3 12. Bxc3 a5 13. Qe2 Bb4 14. Rfc1 Qe7 15. e4
Bxc3 16. Rxc3 dxe4 17. Bxe4 Bxe4 18. Qxe4 a4 19. a3 Nf6 20. Qe3 axb3 21. Rxb3
Rfd8 22. Rab1 b5 23. cxb5 cxb5 24. Rxb5 Rxa3 25. Rb7 Rxe3 26. Rxe7 Rd3 27. Nc4
R3xd4 28. Ne5 Rd1+ 29. Rxd1 Rxd1+ 30. Kg2 Rd2 31. Kf3 Rd5 32. Nc6 Rd7 33. Rxd7
Nxd7 34. Ke3 Kf8 35. f3 f5 36. f4 Kf7 37. h3 Kf6 38. Nd4 g5 39. h4 g4 40. Ne2
Nc5 41. Kf2 Ne4+ 42. Kg2 Ke7 43. Nc1 Nc5 44. Ne2 Kd6 45. Nc3 Kc6 46. Kf2 Nd7 47.
Ke3 Kc5 48. Ne2 Kc4 49. Nd4 Nc5 50. Ne2 Nb3 51. h5 Nc5 52. Nd4 Kd5 53. Ne2 Ne4
54. Kd3 Nf6 55. Nc3+ Kc5 56. Na4+ Kd6 57. Nc3 Nxh5 58. Ne2 Nf6 59. Kd4 Ne4 60.
Kc4 h5 61. Kd4 Nd2 62. Kd3 Nf3 63. Ke3 h4 64. gxh4 Nxh4 65. Kf2 Nf3 66. Ng3 Kd5
67. Ke3 Nd4 68. Nh5 Nc2+ 69. Kd2 Nb4 70. Ke3 Kc4 71. Kf2 Nd5 72. Kg3 Kd4 73. Ng7
Nc7 74. Nh5 Ne8 75. Kh4 Ke3 76. Kg3 Ke4 77. Kf2 Nc7 78. Kg3 Nd5 0-1

[Event "TCh-RUS Women 2018"]
[Site "Sochi RUS"]
[Date "2018.05.09"]
[Round "8.2"]
[Board "2"]
[White "Girya, Olga"]
[Black "Grigorieva, Yulia"]
[Result "1-0"]
[WhiteTitle "WGM"]
[WhiteElo "2465"]
[BlackElo "1969"]
[WhiteTeam "Ugra"]
[BlackTeam "Tolpar"]
[WhiteFideId "4195752"]
[BlackFideId "34104868"]
[EventDate "2018.05.01"]

1. d4 Nf6 2. Nf3 g6 3. Bf4 d6 4. e3 Nh5 5. Bg5 h6 6. Bh4 g5 7. Nfd2 Ng7 8. Bg3
Nf5 9. Be2 Bg7 10. c3 Nd7 11. e4 Nxg3 12. hxg3 c5 13. d5 O-O 14. Nf1 Nf6 15.
Nbd2 e6 16. dxe6 fxe6 17. Ne3 Bd7 18. Bf3 Bc6 19. Qb3 Qd7 20. a4 Qf7 21. e5 dxe5
22. Bxc6 bxc6 23. O-O e4 24. Qc4 Rab8 25. Rab1 Nd5 26. Nxe4 Qg6 27. Nxc5 Rf7 28.
Qe4 Qxe4 29. Nxe4 Rfb7 30. Nd1 Bf8 31. Ra1 a5 32. Nd2 Be7 33. Nc4 Bd8 34. Re1
Re7 35. Nde3 Bb6 36. Ng4 Kg7 37. Nge5 Rc7 38. Re2 Re8 39. Rae1 h5 40. Nd3 Kf6
41. Re5 Rd7 42. Nxb6 Nxb6 43. Nc5 Rd2 44. Rxe6+ Rxe6 45. Rxe6+ Kf5 46. Rxc6 Rd1+
47. Kh2 Nc4 48. Nb3 Ne5 49. Rc5 Kf6 50. f3 g4 51. f4 Nf3+ 52. gxf3 gxf3 53. Rxh5
f2 54. Nd2 Rxd2 55. Kg2 Rxb2 56. Rxa5 Rc2 57. Rc5 Ke6 58. a5 Kd6 59. Rg5 Rxc3
60. Kxf2 1-0

[Event "TCh-RUS Women 2018"]
[Site "Sochi RUS"]
[Date "2018.05.09"]
[Round "8.2"]
[Board "3"]
[White "Khatmullina, Dilara"]
[Black "Nechaeva, Marina"]
[Result "0-1"]
[BlackTitle "IM"]
[WhiteElo "1860"]
[BlackElo "2407"]
[WhiteTeam "Tolpar"]
[BlackTeam "Ugra"]
[WhiteFideId "24191418"]
[BlackFideId "4149351"]
[EventDate "2018.05.01"]

1. Nf3 Nf6 2. g3 g6 3. Bg2 Bg7 4. O-O O-O 5. d4 d6 6. c4 Nbd7 7. Nc3 e5 8. e4
Re8 9. Re1 exd4 10. Nxd4 Nc5 11. b3 Ng4 12. f4 c6 13. Bb2 Qb6 14. Bf3 Nxb3 15.
Na4 Bxd4+ 16. Kg2 Qb4 17. axb3 Bxb2 18. Nxb2 Qc3 19. Bxg4 Bxg4 20. Qxg4 Qxb2+
21. Kh3 Qxb3 22. Rab1 Qxc4 23. Rxb7 Rxe4 24. Re7 Rxe1 25. Rxe1 a5 26. Qg5 a4 27.
f5 Qd5 0-1

[Event "TCh-RUS Women 2018"]
[Site "Sochi RUS"]
[Date "2018.05.09"]
[Round "8.2"]
[Board "4"]
[White "Kovanova, Baira"]
[Black "Baiburina, Kamilla"]
[Result "1-0"]
[WhiteTitle "WGM"]
[WhiteElo "2358"]
[BlackElo "1860"]
[WhiteTeam "Ugra"]
[BlackTeam "Tolpar"]
[WhiteFideId "4164083"]
[BlackFideId "34109584"]
[EventDate "2018.05.01"]

1. e4 e5 2. Nf3 Nf6 3. Nxe5 d6 4. Nf3 Nxe4 5. Nc3 Nxc3 6. dxc3 Be7 7. Be3 O-O 8.
Bd3 Nd7 9. h4 Nf6 10. Ng5 c6 11. Qe2 d5 12. O-O-O b5 13. Bd4 h6 14. Bxf6 Bxf6
15. Nh7 Re8 16. Nxf6+ gxf6 17. Qf3 Be6 18. Rde1 Kg7 19. Qg3+ Kh8 20. Qf4 Kg7 21.
Re3 Rh8 22. Rhe1 h5 23. Qb4 Rg8 24. Rg3+ Bg4 25. Bf5 Re8 26. Rxe8 Qxe8 27. Bxg4 1-0

[Event "TCh-RUS Women 2018"]
[Site "Sochi RUS"]
[Date "2018.05.09"]
[Round "8.3"]
[Board "1"]
[White "Simakova, Elena"]
[Black "Bodnaruk, Anastasia"]
[Result "0-1"]
[BlackTitle "IM"]
[WhiteElo "1948"]
[BlackElo "2446"]
[WhiteTeam "Yuzny Ural 2"]
[BlackTeam "SShOR St. Petersburg"]
[WhiteFideId "34142166"]
[BlackFideId "4181751"]
[EventDate "2018.05.01"]

1. e4 d6 2. d4 g6 3. Nf3 Bg7 4. Be2 Nf6 5. Nc3 O-O 6. O-O c6 7. Re1 Qc7 8. h3 e5
9. Be3 Re8 10. Bf1 Nbd7 11. Qd2 exd4 12. Bxd4 Ne5 13. Nh2 b5 14. f4 b4 15. fxe5
bxc3 16. Qxc3 dxe5 17. Bc5 Nd7 18. Bf2 Nf8 19. Rad1 Ne6 20. Nf3 h6 21. Rd2 Rb8
22. Bc4 Nf4 23. Red1 Qb7 24. b3 c5 25. Bxc5 Qxe4 26. Re1 Qf5 27. Bd6 Bb7 28.
Bxb8 Rxb8 29. Qe3 Re8 30. Rf1 h5 31. Bb5 Re7 32. Rd8+ Kh7 33. a4 Bxf3 34. Rxf3
Bh6 35. Qc5 Qg5 36. Qf2 e4 37. Rxf4 Qxf4 38. Qxf4 Bxf4 39. Rd7 Rxd7 40. Bxd7 h4
41. Kf2 a5 42. Ke2 f5 43. Be8 Kg7 44. Kf2 Kf6 45. Ke2 g5 46. Bd7 Bd6 47. Ke3 Ke5
48. Bc8 Bb4 49. Bd7 g4 50. hxg4 f4+ 51. Kf2 Bc5+ 52. Kf1 h3 53. gxh3 f3 54. Bb5
Be7 55. c3 Kf4 56. b4 axb4 57. cxb4 Bxb4 58. Bc6 Ba5 59. Bb5 Bd8 60. Bc4 e3 61.
Ke1 Kg3 62. Bf1 Ba5+ 63. Kd1 Kf2 0-1

[Event "TCh-RUS Women 2018"]
[Site "Sochi RUS"]
[Date "2018.05.09"]
[Round "8.3"]
[Board "2"]
[White "Ovod, Evgenija"]
[Black "Mironenko, Galina"]
[Result "0-1"]
[WhiteTitle "IM"]
[BlackTitle "WFM"]
[WhiteElo "2371"]
[BlackElo "2007"]
[WhiteTeam "SShOR St. Petersburg"]
[BlackTeam "Yuzny Ural 2"]
[WhiteFideId "4131827"]
[BlackFideId "34168785"]
[EventDate "2018.05.01"]

1. Nf3 Nc6 2. d4 Nf6 3. d5 Nb8 4. c4 g6 5. Nc3 d6 6. h3 Bg7 7. e4 O-O 8. Bd3 c6
9. O-O Nfd7 10. Be3 a5 11. Qd2 Na6 12. Rac1 Qe8 13. Nd4 Ndc5 14. Bb1 e5 15. dxe6
Bxe6 16. Nce2 a4 17. Bh6 Rd8 18. Bxg7 Kxg7 19. f4 Bc8 20. Nc3 Nc7 21. b4 axb3
22. axb3 f6 23. b4 N5e6 24. Nf3 Rf7 25. Rcd1 Rfd7 26. Ne2 b5 27. f5 Nf8 28. Ned4
Bb7 29. cxb5 Nxb5 30. Rfe1 Nc7 31. Qc3 Re7 32. Rc1 Nb5 33. Qb2 Nxd4 34. Qxd4 c5
35. bxc5 dxc5 36. Qxc5 Rc8 37. Qb4 Rxc1 38. Rxc1 gxf5 39. Nh4 Bxe4 40. Bxe4 Rxe4
41. Nxf5+ Kg6 42. Nh4+ Rxh4 43. Qxh4 Qe3+ 44. Kh2 Qxc1 45. Qe4+ Kh6 46. h4 Ng6
47. g3 Qd2+ 48. Kh3 Qd7+ 49. Kh2 Ne5 50. Qe3+ Kg7 51. Qc5 Ng4+ 52. Kg2 Qd2+ 53.
Kf3 Ne5+ 54. Ke4 Qd3+ 0-1

[Event "TCh-RUS Women 2018"]
[Site "Sochi RUS"]
[Date "2018.05.09"]
[Round "8.3"]
[Board "3"]
[White "Mukhina, Jana"]
[Black "Belenkaya, Dina"]
[Result "0-1"]
[WhiteTitle "WFM"]
[BlackTitle "WGM"]
[WhiteElo "2041"]
[BlackElo "2297"]
[WhiteTeam "Yuzny Ural 2"]
[BlackTeam "SShOR St. Petersburg"]
[WhiteFideId "34115428"]
[BlackFideId "24142654"]
[EventDate "2018.05.01"]

1. e4 c6 2. d4 d5 3. Nc3 dxe4 4. Nxe4 Bf5 5. Ng3 Bg6 6. h4 h6 7. Nf3 Nd7 8. h5
Bh7 9. Bd3 Bxd3 10. Qxd3 e6 11. Bd2 Ngf6 12. O-O-O Be7 13. Kb1 O-O 14. Ne4 Nxe4
15. Qxe4 Nf6 16. Qe2 Qd5 17. Be3 Bd6 18. c4 Qf5+ 19. Qc2 Qxc2+ 20. Kxc2 Rfd8 21.
Rh4 Kf8 22. g4 Nh7 23. Rhh1 Rac8 24. c5 Be7 25. Ne5 Rd5 26. f4 Rcd8 27. b4 Ke8
28. Rdg1 f6 29. Ng6 b6 30. Rh2 a5 31. a3 Ra8 32. Nxe7 Kxe7 33. Bd2 b5 34. Bc3
axb4 35. axb4 Ra2+ 36. Bb2 Kf7 37. Kb3 Ra4 38. Ra1 Rxa1 39. Bxa1 f5 40. gxf5 Nf6
41. Ra2 Ng8 42. Ra7+ Ne7 43. fxe6+ Kxe6 44. Rc7 Kf7 45. Bb2 Ke8 46. Ra7 Rxh5 47.
d5 Rh3+ 48. Kc2 Nxd5 49. Bxg7 Nxf4 50. Bc3 Nd5 51. Bd2 Ne7 52. Bf4 Rh4 53. Bd2
Rh3 54. Kd1 h5 55. Bg5 Nd5 56. Bd2 Rh4 57. Rh7 Nxb4 58. Bxb4 Rxb4 59. Rxh5 Rc4
60. Kd2 Kd7 61. Kd3 Kc7 62. Rh7+ Kb8 63. Rd7 Kc8 64. Rd6 Kc7 65. Rd4 Rxc5 66.
Ke4 Kb6 67. Rd8 Rc1 68. Rb8+ Kc5 69. Kd3 b4 70. Kd2 Rh1 71. Rc8 Kb5 72. Kc2 c5
73. Kb2 Kc4 74. Rg8 Rh2+ 75. Kb1 Kb3 76. Rg3+ Ka4 77. Rg4 Ka3 78. Rg3+ b3 79.
Rg1 c4 80. Rc1 Kb4 81. Rg1 c3 82. Rc1 Rb2+ 83. Ka1 Ra2+ 84. Kb1 c2+ 85. Rxc2
Rxc2 0-1

[Event "TCh-RUS Women 2018"]
[Site "Sochi RUS"]
[Date "2018.05.09"]
[Round "8.3"]
[Board "4"]
[White "Balaian, Alina"]
[Black "Nasybullina, Dayana"]
[Result "1-0"]
[WhiteTitle "WIM"]
[WhiteElo "2228"]
[BlackElo "1801"]
[WhiteTeam "SShOR St. Petersburg"]
[BlackTeam "Yuzny Ural 2"]
[WhiteFideId "24115347"]
[BlackFideId "34127280"]
[EventDate "2018.05.01"]

1. e4 c6 2. d4 d5 3. f3 e6 4. Be3 dxe4 5. fxe4 Qh4+ 6. g3 Qxe4 7. Qe2 Qd5 8. Bg2
Qa5+ 9. Nd2 Nf6 10. Nh3 Be7 11. O-O O-O 12. c4 Nbd7 13. g4 c5 14. g5 Ne8 15. Nb3
Qc7 16. Rad1 a5 17. dxc5 Nxc5 18. Nd4 Bd7 19. b3 e5 20. Nf5 Bxf5 21. Rxf5 g6 22.
Rff1 Ng7 23. Bc1 Nf5 24. Rd5 Bd6 25. Bb2 Rfe8 26. Nf2 Nd4 27. Qd2 Nce6 28. Ng4
Red8 29. Nh6+ Kg7 30. Rxf7+ Qxf7 31. Nxf7 Kxf7 32. Qf2+ Nf4 33. Bxd4 exd4 34.
Rxd6 Rxd6 35. Qxf4+ Ke7 36. Qe5+ 1-0

[Event "TCh-RUS Women 2018"]
[Site "Sochi RUS"]
[Date "2018.05.10"]
[Round "9.1"]
[Board "2"]
[White "Mironenko, Galina"]
[Black "Kashlinskaya, Alina"]
[Result "1-0"]
[WhiteTitle "WFM"]
[BlackTitle "IM"]
[WhiteElo "2007"]
[BlackElo "2448"]
[WhiteTeam "Yuzny Ural 2"]
[BlackTeam "Legacy Square Capital Moscow"]
[WhiteFideId "34168785"]
[BlackFideId "4198026"]
[EventDate "2018.05.01"]

1. Nf3 d5 2. g3 Nc6 3. Bg2 e5 4. d3 Nf6 5. O-O Be7 6. b3 O-O 7. Bb2 e4 8. dxe4
Nxe4 9. c4 Bf6 10. Qc1 d4 11. Nfd2 Nc5 12. Ne4 Nxe4 13. Bxe4 Re8 14. Nd2 Bh3 15.
Rd1 Qd7 16. Qb1 h5 17. Bf3 Bf5 18. Ne4 Be7 19. Qc1 h4 20. Qf4 h3 21. Ng5 Rad8
22. Rd2 f6 23. Bd5+ Kf8 24. Qh4 Qxd5 25. cxd5 fxg5 26. Qh8+ Kf7 27. Qh5+ g6 28.
Qh7+ Kf6 29. dxc6 1-0

[Event "TCh-RUS Women 2018"]
[Site "Sochi RUS"]
[Date "2018.05.10"]
[Round "9.1"]
[Board "3"]
[White "Kovalevskaya, Ekaterina"]
[Black "Mukhina, Jana"]
[Result "1-0"]
[WhiteTitle "IM"]
[BlackTitle "WFM"]
[WhiteElo "2397"]
[BlackElo "2041"]
[WhiteTeam "Legacy Square Capital Moscow"]
[BlackTeam "Yuzny Ural 2"]
[WhiteFideId "4116704"]
[BlackFideId "34115428"]
[EventDate "2018.05.01"]

1. e4 e5 2. Nf3 Nc6 3. Bc4 Bc5 4. c3 Nf6 5. d3 O-O 6. O-O d5 7. exd5 Nxd5 8. Re1
Bg4 9. Nbd2 Nb6 10. Bb5 Bd6 11. h3 Bh5 12. Nc4 Nxc4 13. Bxc4 Na5 14. Bb5 f5 15.
b4 a6 16. Ba4 b5 17. Bc2 Nb7 18. Bb3+ Kh8 19. Bd5 Qc8 20. Qb3 c6 21. Be6 Qc7 22.
Nh4 Bg6 23. Qd1 Qe7 24. Nxg6+ hxg6 25. Bb3 a5 26. bxa5 Nxa5 27. Bc2 Qf6 28. Bd2
c5 29. Rb1 Rfb8 30. Qf3 Ra6 31. Qg3 Rab6 32. Bg5 Qf7 33. Bd8 Ra6 34. Bxa5 Rxa5
35. Qh4+ Kg8 36. Bb3 c4 37. dxc4 g5 38. Qxg5 bxc4 39. Bxc4 Qxc4 40. Rxb8+ Bxb8
41. Qd8+ Kh7 42. Qxa5 Qf4 43. Qd5 e4 44. g3 Qf3 45. Re3 Qh5 46. g4 Qh4 47. Qxf5+
g6 48. Qf7+ Kh6 49. Qf8+ Kg5 50. Qe7+ 1-0

[Event "TCh-RUS Women 2018"]
[Site "Sochi RUS"]
[Date "2018.05.10"]
[Round "9.1"]
[Board "4"]
[White "Nasybullina, Dayana"]
[Black "Voit, Daria"]
[Result "0-1"]
[BlackTitle "FM"]
[WhiteElo "1801"]
[BlackElo "2382"]
[WhiteTeam "Yuzny Ural 2"]
[BlackTeam "Legacy Square Capital Moscow"]
[WhiteFideId "34127280"]
[BlackFideId "4182146"]
[EventDate "2018.05.01"]

1. e4 c5 2. Nf3 d6 3. d4 cxd4 4. Nxd4 Nf6 5. Nc3 a6 6. Bg5 e6 7. Qe2 Nbd7 8.
O-O-O Be7 9. f3 Qc7 10. g4 b5 11. Be3 Nb6 12. g5 Nfd7 13. h4 Ne5 14. f4 Nec4 15.
f5 b4 16. Nb1 e5 17. Nf3 Bb7 18. Bxb6 Nxb6 19. f6 gxf6 20. gxf6 Bxf6 21. Bh3 Ke7
22. Rhf1 h6 23. Qf2 Bxe4 24. Nd4 Nd5 25. Nf5+ Kf8 26. Rxd5 Bxd5 27. Ne3 Qc5 28.
Nxd5 Qxf2 29. Rxf2 Bxh4 30. Rh2 Rg8 31. Rh1 Rg3 32. Nxb4 Bg5+ 33. Kd1 Rb8 34. a3
a5 35. Nc6 Rxb2 36. Nd2 Rc3 37. Nxa5 Rxa3 38. Nab3 Bxd2 0-1

[Event "TCh-RUS Women 2018"]
[Site "Sochi RUS"]
[Date "2018.05.10"]
[Round "9.2"]
[Board "1"]
[White "Ushenina, Anna"]
[Black "Pogorelskikh, Sofia"]
[Result "1/2-1/2"]
[WhiteTitle "GM"]
[WhiteElo "2443"]
[BlackElo "2053"]
[WhiteTeam "Ugra"]
[BlackTeam "Zhiguli"]
[WhiteFideId "14110911"]
[BlackFideId "44164548"]
[EventDate "2018.05.01"]

1. d4 Nf6 2. c4 g6 3. g3 Bg7 4. Bg2 d5 5. cxd5 Nxd5 6. e4 Nb6 7. Ne2 c5 8. d5
O-O 9. O-O e6 10. Nec3 exd5 11. exd5 Na6 12. Nd2 Nb4 13. Nde4 c4 14. Bg5 f6 15.
Be3 Nd3 16. Nc5 Nxb2 17. Qd2 Nd3 18. Nxd3 cxd3 19. Qxd3 Bf5 20. Qb5 Rf7 21. Rac1
Bf8 22. Ne2 Bd6 23. Nd4 Qd7 24. Qb3 Kh8 25. Rfe1 Re8 26. Nxf5 Qxf5 27. Bxb6
Rxe1+ 28. Rxe1 axb6 29. Qxb6 Qd7 30. Re6 Be5 31. f4 Bc3 32. Re3 Ba1 33. Re1 Bc3
34. Rc1 Qe8 35. Qf2 Bb4 36. Bh3 f5 37. Qd4+ Kg8 38. d6 Bxd6 39. Bg2 Ba3 40. Rb1
Rg7 41. Bd5+ Kh8 42. Bxb7 h5 43. Qc3 Qf8 44. Rb5 Kh7 45. Bd5 Rd7 46. Kg2 Qe8 47.
Kf2 Re7 48. Rb3 Re2+ 49. Kf3 Bf8 50. a4 Re1 51. Rb7+ Re7 52. Qe5 Qd8 53. Rxe7+
Qxe7 54. Qxe7+ Bxe7 55. a5 Bc5 56. h4 Kg7 57. a6 Kf6 58. Ke2 Ke7 59. Bc6 Kd8 60.
Ba4 Bg1 61. Bb3 Ke7 62. Bd5 Bc5 63. Kd3 Bf2 64. Kc4 Kd6 65. Bf7 Kc7 66. Bxg6
Bxg3 67. Bxh5 Kb6 68. Be2 Kxa6 69. Kd5+ Kb6 70. Ke5 Bxh4 71. Kxf5 Bg3 72. Kg4
Bxf4 73. Kxf4 1/2-1/2

[Event "TCh-RUS Women 2018"]
[Site "Sochi RUS"]
[Date "2018.05.10"]
[Round "9.2"]
[Board "2"]
[White "Gutkovich, Polina"]
[Black "Girya, Olga"]
[Result "0-1"]
[BlackTitle "WGM"]
[WhiteElo "2057"]
[BlackElo "2465"]
[WhiteTeam "Zhiguli"]
[BlackTeam "Ugra"]
[WhiteFideId "34111597"]
[BlackFideId "4195752"]
[EventDate "2018.05.01"]

1. d4 Nf6 2. c4 e6 3. Nf3 d5 4. g3 Bb4+ 5. Bd2 Be7 6. Qc2 O-O 7. Bg2 Nbd7 8. O-O
c6 9. Bg5 h6 10. Bxf6 Bxf6 11. Nbd2 b6 12. e4 Bb7 13. Rad1 Rc8 14. Rfe1 a5 15.
Qb1 Qc7 16. Rc1 Qb8 17. e5 Be7 18. h4 c5 19. Qd3 cxd4 20. Qxd4 Rfd8 21. Qf4 Nc5
22. Bf1 dxc4 23. Nxc4 Nd3 24. Bxd3 Rxd3 25. Ne3 Rxc1 26. Rxc1 Bc5 27. Rc4 Qd8
28. Ne1 Rxe3 29. fxe3 Qd2 30. Kf1 Bxe3 0-1

[Event "TCh-RUS Women 2018"]
[Site "Sochi RUS"]
[Date "2018.05.10"]
[Round "9.2"]
[Board "3"]
[White "Nechaeva, Marina"]
[Black "Makarova, Darya"]
[Result "1/2-1/2"]
[WhiteTitle "IM"]
[WhiteElo "2407"]
[BlackElo "1892"]
[WhiteTeam "Ugra"]
[BlackTeam "Zhiguli"]
[WhiteFideId "4149351"]
[BlackFideId "24179078"]
[EventDate "2018.05.01"]

1. d4 d5 2. c4 e6 3. Nc3 Nf6 4. cxd5 exd5 5. Bg5 Bb4 6. e3 Bf5 7. Qa4+ Nc6 8.
Bb5 Bxc3+ 9. bxc3 Qd6 10. Bf4 Qe6 11. Bxc7 O-O 12. Nf3 Ne4 13. Rc1 Bg4 14. Be2
Rac8 15. Bg3 Ne7 16. Qa3 Ng6 17. Qb2 f5 18. O-O f4 19. Bxf4 Nxf4 20. exf4 Rxf4
21. Ne5 Bxe2 22. Qxe2 Rxc3 23. Rxc3 Nxc3 24. Qe3 Rxd4 25. Qxc3 Qxe5 26. Re1 Qf6
27. Qc8+ Qf8 28. Qxb7 a5 29. f3 h6 30. Qc6 Qf5 31. Qa8+ Kh7 32. Qxa5 Qc2 33. Qa6
Rd2 34. Qf1 Qxa2 35. h4 d4 36. Kh2 d3 37. f4 Re2 38. Rd1 Qc2 39. f5 Rxg2+ 40.
Qxg2 Qxd1 41. Qg6+ Kh8 42. Qe8+ Kh7 43. Qg6+ Kh8 44. Qe8+ 1/2-1/2

[Event "TCh-RUS Women 2018"]
[Site "Sochi RUS"]
[Date "2018.05.10"]
[Round "9.2"]
[Board "4"]
[White "Kalashnikova, Elena"]
[Black "Kovanova, Baira"]
[Result "0-1"]
[BlackTitle "WGM"]
[WhiteElo "1785"]
[BlackElo "2358"]
[WhiteTeam "Zhiguli"]
[BlackTeam "Ugra"]
[WhiteFideId "24133418"]
[BlackFideId "4164083"]
[EventDate "2018.05.01"]

1. e4 e5 2. Nf3 Nc6 3. Bb5 Nge7 4. O-O g6 5. d3 Bg7 6. c3 a6 7. Ba4 O-O 8. Re1
d6 9. h3 h6 10. Bb3 d5 11. Nbd2 Kh7 12. Nf1 f5 13. exd5 Nxd5 14. Ne3 Nf4 15. Bc2
b5 16. Nf1 Nh5 17. Be3 Bb7 18. Bc5 Re8 19. d4 e4 20. N3h2 Qg5 21. Re3 Ne7 22.
Bxe7 Rxe7 23. Ng3 Nf4 24. Qf1 Nxh3+ 25. Kh1 Nf4 26. Rae1 Rae8 27. Ne2 Nxe2 28.
R1xe2 f4 29. Rh3 Bc8 30. g4 c5 31. dxc5 Qxc5 32. Qe1 Bb7 33. Kg1 Bf6 34. Nf1 Qc8
35. Nh2 Bg5 36. Rd2 Qc5 37. Rd4 Bf6 38. Rd2 e3 39. fxe3 Rxe3 40. Rxe3 Rxe3 0-1

[Event "TCh-RUS Women 2018"]
[Site "Sochi RUS"]
[Date "2018.05.10"]
[Round "9.3"]
[Board "1"]
[White "Bodnaruk, Anastasia"]
[Black "Nikitina, Elena"]
[Result "1-0"]
[WhiteTitle "IM"]
[BlackTitle "WFM"]
[WhiteElo "2446"]
[BlackElo "2047"]
[WhiteTeam "SShOR St. Petersburg"]
[BlackTeam "Tolpar"]
[WhiteFideId "4181751"]
[BlackFideId "24110949"]
[EventDate "2018.05.01"]

1. e4 d5 2. exd5 Qxd5 3. Nc3 Qa5 4. d4 Nf6 5. Nf3 Bg4 6. h3 Bh5 7. g4 Bg6 8. Ne5
c6 9. h4 Nbd7 10. Nc4 Qc7 11. h5 Be4 12. Nxe4 Nxe4 13. Qf3 Nd6 14. Bf4 Nb6 15.
O-O-O Nbxc4 16. Bxc4 e6 17. Bb3 O-O-O 18. c4 Qd7 19. Kb1 Ne8 20. d5 exd5 21.
cxd5 c5 22. Bc2 Nd6 23. Qa3 Qxg4 24. Qxc5+ Kb8 25. Qd4 Qd7 26. h6 1-0

[Event "TCh-RUS Women 2018"]
[Site "Sochi RUS"]
[Date "2018.05.10"]
[Round "9.3"]
[Board "2"]
[White "Khatmullina, Dilara"]
[Black "Belenkaya, Dina"]
[Result "0-1"]
[BlackTitle "WGM"]
[WhiteElo "1860"]
[BlackElo "2297"]
[WhiteTeam "Tolpar"]
[BlackTeam "SShOR St. Petersburg"]
[WhiteFideId "24191418"]
[BlackFideId "24142654"]
[EventDate "2018.05.01"]

1. Nf3 d5 2. g3 g6 3. Bg2 Bg7 4. O-O e5 5. d3 Ne7 6. e4 c6 7. Re1 Nd7 8. Nbd2
O-O 9. c3 Re8 10. Qc2 a5 11. b3 b6 12. Bb2 Bb7 13. d4 exd4 14. cxd4 Qc7 15. Ne5
Nf6 16. Rac1 Rad8 17. Ba3 dxe4 18. Nxe4 Nxe4 19. Qxe4 Nf5 20. Rcd1 f6 21. g4 Nd6
22. Qf4 fxe5 23. dxe5 Nf7 0-1